The universe around us / (Record no. 181347)

000 -LEADER
fixed length control field 00946 a2200169 4500
003 - CONTROL NUMBER IDENTIFIER
control field Nust
005 - DATE AND TIME OF LATEST TRANSACTION
control field 20221125121618.0
040 ## - CATALOGING SOURCE
Transcribing agency Nust
082 ## - DEWEY DECIMAL CLASSIFICATION NUMBER
Classification number 520,JEA
100 ## - MAIN ENTRY--PERSONAL NAME
Personal name Jeans, James Sir,
9 (RLIN) 103525
245 ## - TITLE STATEMENT
Title The universe around us /
Statement of responsibility, etc. Jeans, James Hopwood, Sir,
260 ## - PUBLICATION, DISTRIBUTION, ETC.
Place of publication, distribution, etc. Cambridge [Eng.] .
Name of publisher, distributor, etc. The University press, 1944.
Date of publication, distribution, etc. 1944.
300 ## - PHYSICAL DESCRIPTION
Extent x, 297 p. illus., xxxii pl. on 16 l
Other physical details ., diagrs. 23 cm.
505 ## - FORMATTED CONTENTS NOTE
Formatted contents note The Milky Way in the Neighborhood (Page-23), Planetary Nebulae (Page-28), The Nebula in Cygnus (Page-29), The Great Nebula in Andromeda (Page-30), The Trifid Nebula in Sagittarius (Page-44), Stellar Spectra (Page-50), The Regions of p OPhiuchi (Page-64), Magnification of Part of the Outer regious of the Great Nebulla in An Dromeda (Page-68), Two Nobula (Page-234), The Twin Nebula NGC (Page-235), Saturn and its Systems of Rings (Page-242).
650 ## - SUBJECT ADDED ENTRY--TOPICAL TERM
Topical term or geographic name entry element The universe around us,
9 (RLIN) 103607
942 ## - ADDED ENTRY ELEMENTS (KOHA)
Source of classification or shelving scheme
Koha item type Book
Call number prefix 520,JEA
Holdings
Withdrawn status Lost status Source of classification or shelving scheme Damaged status Not for loan Permanent Location Current Location Shelving location Date acquired Full call number Barcode Date last seen Price effective from Koha item type Public note
          Military College of Signals (MCS) Military College of Signals (MCS) General Stacks 12/12/2016 520,JEA MCS29778 12/08/2016 12/12/2016 Book Almirah No. 15 Shelf No. 1
© 2023 Central Library, National University of Sciences and Technology. All Rights Reserved.